Propuesta de diseño arquitectónico de un centro turístico recreativo en Momotombo la Paz Centro

Presenta propuesta arquitectónica del centro turístico recreativo a nivel de a nivel de anteproyecto la cual se basó en la definición de un concepto de reforma referentes de innovación, arquitectura contemporánea, organicista, brutalista y racionalista, los cuales se integran a los nuevos plan...

Full description

Bibliographic Details
Main Author: Pérez Reyes, José Alfredo
Other Authors: Tutor: Rosales Rivera, Benjamin
Format: Tesis Section = Libro
Language:Undetermined
Spanish
Published: Managua UNI 2011
Subjects:
LEADER 01453nam a2200253Ia 4500
008 240830s9999 xx 000 0 und d
040 |a BIBLIOTECA-RUSB/ Mon 729 P438 
041 |a spa 
082 |a Mon 729 P438 
100 1 |a Pérez Reyes, José Alfredo 
245 1 0 |a Propuesta de diseño arquitectónico de un centro turístico recreativo en Momotombo la Paz Centro 
260 |a Managua  |b UNI  |c 2011 
300 |a 132 p. :il. 
500 |a Contiene: anexos. 
502 |a Tesis (Arquitecto) - UNI, 2011. 
520 3 |a Presenta propuesta arquitectónica del centro turístico recreativo a nivel de a nivel de anteproyecto la cual se basó en la definición de un concepto de reforma referentes de innovación, arquitectura contemporánea, organicista, brutalista y racionalista, los cuales se integran a los nuevos planteamientos de la arquitectura sostenible como base de la arquitectura turística. Dicha propuesta se desglosa en cinco grandes componentes: Concepto de diseño, diseño de conjunto de centro turístico recreativo, diseño de la propuesta arquitectónica de las edificaciones y aspectos técnico ambientales. 
650 7 |a DISEÑO ARQUITECTÓNICO 
650 7 |b  ORDENAMIENTO AMBIENTAL 
650 7 |c  POTENCIAL ECOTURÍSTICO CENTRO TURÍSTICO RECREATIVO - MOMOTOMBO 
650 7 |d  ARQUITECTURA - DISEÑO Y PLANOS 
700 1 |a Tutor:  |b Rosales Rivera, Benjamin 
942 |c BK  |2 ddc 
991 |a TESIS 
999 |c 21531